Privatización y política económica / (Registro nro. 12478)

Detalles MARC
000 -LEADER
fixed length control field 01721nam a2200241Ia 4500
003 - CONTROL NUMBER IDENTIFIER
control field OSt
005 - DATE AND TIME OF LATEST TRANSACTION
control field 20210920155959.0
008 - FIXED-LENGTH DATA ELEMENTS--GENERAL INFORMATION
fixed length control field 210310s1992 cr gr 000 0 spa d
020 ## - INTERNATIONAL STANDARD BOOK NUMBER
International Standard Book Number 9977471517
040 ## - CATALOGING SOURCE
Original cataloging agency CO-JMCR
Transcribing agency CO-JMCR
041 0# - LANGUAGE CODE
Language code of text/sound track or separate title spa
082 04 - DEWEY DECIMAL CLASSIFICATION NUMBER
Classification number 338.9 /
Item number G312p
Edition number 23
100 1# - MAIN ENTRY--PERSONAL NAME
Personal name Geiger, Erwin P.,
Relator term autor
9 (RLIN) 28348
245 10 - TITLE STATEMENT
Title Privatización y política económica /
Statement of responsibility, etc. Erwin P. Geiger
250 ## - EDITION STATEMENT
Edition statement Segunda edición
260 ## - PUBLICATION, DISTRIBUTION, ETC.
Place of publication, distribution, etc. San José, Costa Rica :
Name of publisher, distributor, etc. Litografía e imprenta,
Date of publication, distribution, etc. 1992
300 ## - PHYSICAL DESCRIPTION
Extent 86 páginas ;
Dimensions 22 cm.
505 0# - FORMATTED CONTENTS NOTE
Formatted contents note Tendencia mundial a la privatización. -- Privatización en el contexto de la política económica. -- Justificación teórica de la privatización. -- Resumen de cuarenta años de experiencia con empresas estatales. -- Métodos de privatización. -- Etapas de privatización. -- Empresas estatales y la eficiencia. -- Privatización e interés público. -- Obstáculos para la privatización. -- Conclusiones para la política económica.
520 ## - SUMMARY, ETC.
Summary, etc. En los países ricos los procesos productivos están fundamentalmente a cargo de empresas privadas.<br/>Durante los últimos quince años fue haciéndose cada vez más evidente que las empresas del Estado no contribuyeron al crecimiento económico de los países en desarrollo.<br/>Los fondos disponibles siempre son limita dos. El gobierno que usa fondos para mantener "empleos" improductivos no tiene los fondos para crear empleos productivos.<br/>Los países que siguieron el modelo de economía de mercado, abrieron el camino contra la pobreza y alcanzaron niveles de ingreso sorprendentemente altos.
650 14 - SUBJECT ADDED ENTRY--TOPICAL TERM
Topical term or geographic name entry element Política económica
9 (RLIN) 40650
650 24 - SUBJECT ADDED ENTRY--TOPICAL TERM
Topical term or geographic name entry element Desarrollo económico
9 (RLIN) 40651
942 ## - ADDED ENTRY ELEMENTS (KOHA)
Source of classification or shelving scheme Dewey Decimal Classification
Koha item type Books
Existencias
Withdrawn status Lost status Source of classification or shelving scheme Damaged status Not for loan Home library Current library Shelving location Date acquired Source of acquisition Full call number Barcode Date last seen Copy number Price effective from Koha item type
    Dewey Decimal Classification     Biblioteca Pública José María del Castillo y Rada Biblioteca Pública José María del Castillo y Rada General Stacks 04/15/2018 Donación 338.9 / G312p 430005467 05/16/2024 Ej.1 03/10/2021 Books